000 00733nam a22002417a 4500
003 UA-OsUOA
001 25385
007 ta
008 20040405b un ||||| |||| 00| 0 ukr d
090 _a34(094):349.2(477)
_bК57
942 _cBK
040 _aUA-OsUOA
_bukr
_cUA-OsUOA
_dUA-OsUOA
245 _aКодекс законів про працю України
_bта інше законодавство про працю ( станом на 4 квітня 1995 року)
300 _a191 с.
955 _a0
041 _aukr
080 _a34(094):349.2(477)
020 _a5-7707-8065-7
260 _aКиїв
_bУкраїнська видавнича група
_c1995
044 _aUA
650 7 _2UDC
999 _c311678
_d311678